The Panarion of Epiphanius of Salamis : (Registro nro. 61700)

Detalles MARC
000 -LEADER
campo de control de longitud fija 02353cam a22004335i 4500
001 - NÚMERO DE CONTROL
campo de control 18929740
003 - IDENTIFICADOR DE NÚMERO DE CONTROL
campo de control PE-LiUPU
005 - FECHA Y HORA DE LA ÚLTIMA TRANSACCIÓN
campo de control 20250731173556.0
008 - DATOS DE LONGITUD FIJA--INFORMACIÓN GENERAL
campo de control de longitud fija 160108s2016 gau 000 0 eng
020 ## - NÚMERO INTERNACIONAL ESTÁNDAR DEL LIBRO
Número Internacional Estándar del Libro 9780884141303
040 ## - FUENTE DE CATALOGACIÓN
Centro catalogador/agencia de origen PE-LiUPU
Lengua de catalogación spa
Normas de descripción rda
Centro/agencia transcriptor PE-LiUPU
042 ## - CÓDIGO DE AUTENTICACIÓN
Código de autenticación pcc
082 ## - NÚMERO DE LA CLASIFICACIÓN DECIMAL DEWEY
Número de edición 23
Número de clasificación 273.1
Cutter W723p
100 1# - ENTRADA PRINCIPAL--NOMBRE DE PERSONA
Nombre de persona Williams, Frank.
Término indicativo de función/relación traductor
245 14 - MENCIÓN DEL TÍTULO
Título The Panarion of Epiphanius of Salamis :
Resto del título book i (sects 1-46) /
Mención de responsabilidad, etc. Frank Williams.
250 ## - MENCION DE EDICION
Mención de edición Segunda edición, revisada y ampliada
263 ## - FECHA PROYECTADA DE PUBLICACIÓN
Fecha proyectada de publicación 1601
264 #1 - PRODUCCIÓN, PUBLICACIÓN, DISTRIBUCIÓN, FABRICACIÓN Y COPYRIGHT
Producción, publicación, distribución, fabricación y copyright Atlanta, GA :
Nombre del de productor, editor, distribuidor, fabricante SBL Press,
Fecha de producción, publicación, distribución, fabricación o copyright 2016.
300 ## - DESCRIPCIÓN FÍSICA
Extensión 404 páginas ;
Dimensiones 23 centímetros.
336 ## - TIPO DE CONTENIDO
Término de tipo de contenido text
Código de tipo de contenido txt
Fuente rdacontent
337 ## - TIPO DE MEDIO
Nombre/término del tipo de medio unmediated
Código del tipo de medio n
Fuente rdamedia
338 ## - TIPO DE SOPORTE
Nombre/término del tipo de soporte volume
Código del tipo de soporte nc
Fuente rdacarrier
505 ## - NOTA DE CONTENIDO CON FORMATO
Nota de contenido con formato Letter of Acacius an Paul -- Proem I -- Anacephalaeosis I -- Proem II -- Barbarism -- Scythianism -- Hellenism -- Judaism -- Against Stoics -- Platonists -- Pythagoreans -- Epicureans -- Juadism, continued -- Against samaritans -- Against essenes -- Against Sebuaeans -- Against Gorothenes -- Against Dositheas -- Against Sadducees -- Against Scribes -- Against Pharisees -- -- Against Hemerobaptists -- Against Nasaraeans -- Against Ossaeans -- Against Herodians -- De incarnatione -- Anacephalaeosis II -- Against Simonians -- Against Menander -- Against Satornilus -- Against Basilides -- Against Nicolaitans -- Against Gnostics -- Against Carpocratians -- Against Cerinthians -- Against Nazoraeans -- Against Ebionites -- Against Valentinians -- Against Secundians -- Against Ptolemaeans -- Anacephalaeosis III -- Against Marcosians -- Against Colorbasians -- Against Heracleonites -- Against Ophites -- Against Cainites -- Against Sethians -- Against Archontics -- Against Cerdonians -- Against Marcionites -- Against Lucianists -- Against Apelleans -- Against Severians -- Against Tatianists.
526 ## - NOTA DE INFORMACIÓN SOBRE EL PROGRAMA DE ESTUDIO
Nombre del programa Segunda Especialidad En Profecías Bíblicas
526 ## - NOTA DE INFORMACIÓN SOBRE EL PROGRAMA DE ESTUDIO
Nombre del programa Segunda Especialidad En Nuevo Testamento
526 ## - NOTA DE INFORMACIÓN SOBRE EL PROGRAMA DE ESTUDIO
Nombre del programa Segunda Especialidad En Antiguo Testamento
526 ## - NOTA DE INFORMACIÓN SOBRE EL PROGRAMA DE ESTUDIO
Nombre del programa Segunda Especialidad En Estudios Adventistas
526 ## - NOTA DE INFORMACIÓN SOBRE EL PROGRAMA DE ESTUDIO
Nombre del programa Doctorado en teología
526 ## - NOTA DE INFORMACIÓN SOBRE EL PROGRAMA DE ESTUDIO
Nombre del programa Maestría en teología histórica
526 ## - NOTA DE INFORMACIÓN SOBRE EL PROGRAMA DE ESTUDIO
Nombre del programa Maestría en teología bíblica
526 ## - NOTA DE INFORMACIÓN SOBRE EL PROGRAMA DE ESTUDIO
Nombre del programa Maestría en teología
526 ## - NOTA DE INFORMACIÓN SOBRE EL PROGRAMA DE ESTUDIO
Nombre del programa Maestría en misionología
526 ## - NOTA DE INFORMACIÓN SOBRE EL PROGRAMA DE ESTUDIO
Nombre del programa Maestría en liderazgo eclesiástico
526 ## - NOTA DE INFORMACIÓN SOBRE EL PROGRAMA DE ESTUDIO
Nombre del programa Teología
650 #0 - PUNTO DE ACCESO ADICIONAL DE MATERIA--TÉRMINO DE MATERIA
Término de materia o nombre geográfico como elemento de entrada Herejías cristianas
Subdivisión general Historia
Subdivisión cronológica Iglesia primitiva, aproximadamente 30-600
9 (RLIN) 926
942 ## - ELEMENTOS DE ENTRADA SECUNDARIOS (KOHA)
Fuente del sistema de clasificación o colocación Clasificación Decimal Dewey
Tipo de ítem Koha Libros físicos
Suprimir en OPAC No
980 ## - EQUIVALENCIA O REFERENCIA-CRUZADA-MENCIÓN DE SERIE--NOMBRE DE PERSONA/TÍTULO [LOCAL, CANADÁ]
ID del usuario creador del registro 18226
Nombre del creador del registro Jaime Vilcazán Jefe de Análisis Documental
ID del último usuario que modificó el registro 1
Nombre del último usuario que modificó el registro ALBERTO SANCHEZ Responsable de Automatización
Existencias
Visto por última vez Total de préstamos Signatura topográfica completa Código de barras Copia número Fecha de reemplazo Facultad Tipo de ítem Koha Nota pública Estado de pérdida Fuente del sistema de clasificación o colocación Restricciones de uso No para préstamo Colección Programa académico Biblioteca de origen Biblioteca actual Ubicación en estantería Fecha de adquisición
2025-12-02   273.1 W723p 81287 e1 2023-02-08   Libros físicos inventario-2023-12-13 No Perdido Clasificación Decimal Dewey No restringido Disponible para préstamos Colección General Teología Biblioteca CRAI UPeU Lima Biblioteca CRAI UPeU Lima Sala principal 2022-01-27